Sports Quiz

Random Sports or NFL Quiz
Score 0/36 Timer 08:00
0 Plays Today
NCAA Tenure Head Coach % Correct
USC (2001-2009)Pete Carroll
94%
Stanford (2007-2010)Jim Harbaugh
93.3%
Oregon (2009-2012)Chip Kelly
92%
LSU (2000-2004)Nick Saban
91.3%
Miami, FL (1984-1988)Jimmy Johnson
88%
Florida (1990-2001)Steve Spurrier
83.7%
Penn State (2012-2013)Bill O'Brien
83.7%
Louisville (2003-2006)Bobby Petrino
80.3%
Boston College (1991-1993)Tom Coughlin
76.7%
Miami, FL (1989-1994)Dennis Erickson
73%
Oregon State (1999-2002)Dennis Erickson
73%
Stanford (1977-1978)Bill Walsh
72.3%
Miami, FL (1995-2000)Butch Davis
72.3%
Syracuse (2009-2012)Doug Marrone
70.7%
Rutgers (2001-2011)Greg Schiano
70.7%
Stanford (1989-1991)Dennis Green
69.3%
Georgia Tech (1987-1991)Bobby Ross
65%
UCLA (1974-1975)Dick Vermeil
64%
NCAA Tenure Head Coach % Correct
California (1996)Steve Mariucci
61.7%
USC (1976-1982)John Robinson
61.3%
Oregon State (1997-1998)Mike Riley
59%
USC (1960-1975)John McKay
56.3%
Indiana (1983)Sam Wyche
56%
NC State (1972-1975)Lou Holtz
50%
Houston (1987-1989)Jack Pardee
43.7%
Oregon (1977-1994)Rich Brooks
40.3%
Missouri (1958-1970)Dan Devine
38.3%
San Diego State (1961-1972)Don Coryell
38.3%
SMU (1976-1981)Ron Meyer
34.7%
Alabama (1983-1986)Ray Perkins
34.3%
Syracuse (1981-1990)Dick MacPherson
34%
Oklahoma (1967-1972)Chuck Fairbanks
26.7%
UCLA (1965-1970)Tommy Prothro
19%
Arizona State (1980-1984)Darryl Rogers
18%
Stanford (1963-1971)John Ralston
15%
Rice (1971)Bill Peterson
9.3%
Remove Ads.
Support Sporcle.
Get the best of Sporcle when you Go Orange. This ad-free experience offers more features, more stats, and more fun while also helping to support Sporcle. Thank you for becoming a member.

You're not logged in!

Compare scores with friends on all Sporcle quizzes.
OR
Log In

Show Comments

Extras

Top Quizzes Today


Score Distribution

Your Account Isn't Verified!

In order to create a playlist on Sporcle, you need to verify the email address you used during registration. Go to your Sporcle Settings to finish the process.

Report this User

Report this user for behavior that violates our Community Guidelines.

Details: